Vývoj a súčasný stav systému verejného financovania kultúry v Slovenskej republike
Gespeichert in:
| 1. Verfasser: | |
|---|---|
| Format: | Buch |
| Sprache: | Slowakisch |
| Veröffentlicht: |
Bratislava
Národné osvetové centrum
1999
|
| Schriftenreihe: | Výskumné štúdie
|
| Schlagworte: | |
| Tags: |
Keine Tags, Fügen Sie das erste Tag hinzu!
|
MARC
| LEADER | 00000nam a2200000 4500 | ||
|---|---|---|---|
| 001 | c123636 | ||
| 005 | 20221102133124.0 | ||
| 020 | |a 80-7121-190-7 | ||
| 041 | 0 | |a slo | |
| 044 | |a SK | ||
| 245 | 1 | 0 | |a Vývoj a súčasný stav systému verejného financovania kultúry v Slovenskej republike |c Ján Přívara |
| 264 | 1 | |a Bratislava |b Národné osvetové centrum |c 1999 | |
| 300 | |a 53 s. | ||
| 490 | 1 | |a Výskumné štúdie | |
| 830 | 0 | |a Výskumné štúdie | |
| 610 | 2 | 0 | |a financovanie |
| 610 | 2 | 0 | |a sektor verejný |
| 610 | 2 | 0 | |a kultúra |
| 610 | 2 | 0 | |a 2000 |
| 610 | 2 | 0 | |a Slovensko |
| 610 | 2 | 0 | |a rozpočet štátny |
| 100 | 1 | |a Přívara, Jan | |